Library Information technology : (Record no. 63313)

MARC details
000 -LEADER
fixed length control field 00446nam a22001457a 4500
005 - DATE AND TIME OF LATEST TRANSACTION
control field 20180807114720.0
020 ## - INTERNATIONAL STANDARD BOOK NUMBER
International Standard Book Number 8170002958
Terms of availability 700.00
035 ## - SYSTEM CONTROL NUMBER
System control number B-31126, B-031127
037 ## - SOURCE OF ACQUISITION
Stock number DPL
Source of stock number/acquisition ENG
100 ## - MAIN ENTRY--PERSONAL NAME
Personal name Panigrahi, R M
245 ## - TITLE STATEMENT
Title Library Information technology :
Remainder of title Decision-maker's manual /
Statement of responsibility, etc by R M Panigrahi
260 ## - PUBLICATION, DISTRIBUTION, ETC. (IMPRINT)
Place of publication, distribution, etc New Delhi
Name of publisher, distributor, etc Ess Ess Publications
Date of publication, distribution, etc 2000
300 ## - PHYSICAL DESCRIPTION
Extent 338p.
Dimensions 18 cms.
942 ## - ADDED ENTRY ELEMENTS (KOHA)
Source of classification or shelving scheme Dewey Decimal Classification
Item type English Books
Classification part 021.65
Call number suffix PAN
Holdings
Withdrawn status Lost status Not for loan Collection code Home library Current library Date acquired Cost, normal purchase price Full call number Barcode Cost, replacement price Koha item type Source of acquisition
      Non-fiction Patel Nagar Patel Nagar 07/08/2018 700.00 021.65 PAN B-031127 700.00 English Books BPPD/PUB
      Non-fiction Sarojini Nagar Sarojini Nagar 22/02/2012 700.00 021.65 PAN B-31126 700.00 English Books  

© Delhi Public Library
Hit Counter
free hit counter